000 00352nam a2200133 a 4500
005 20140412111336.0
008 041026s19uu xx 00 eng d
050 _aTR(GS 372
_bADA 2000
100 _aAdams, Marilyn
245 _aStandardize Test preparation, 2 /
_cMarilyn Adams.
260 _bMcGraw-Hill,
_c2000.
300 _a52 p.
999 _c105040
_d105040